El gran león de Dios: novela sobre la vida de San Pablo
Uloženo v:
| Hlavní autor: | |
|---|---|
| Médium: | Kniha |
| Jazyk: | španělština |
| Vydáno: |
Barcelona
Grijalbo
1971
|
| Vydání: | 12a. ed |
| Témata: | |
| Tagy: |
Přidat tag
Žádné tagy, Buďte první, kdo vytvoří štítek k tomuto záznamu!
|
MARC
| LEADER | 00000cam a2200000 a 4500 | ||
|---|---|---|---|
| 001 | UCE2708 | ||
| 003 | CL-VaPUC | ||
| 008 | 140724e19710000sp |||||||||||||||||spa|d | ||
| 020 | |a 8425319293 | ||
| 082 | 0 | 4 | |a 823 |b CAL |2 21 |
| 100 | 0 | |a Caldwell, Taylor |e author |9 575259 | |
| 245 | 1 | 3 | |a El gran león de Dios: novela sobre la vida de San Pablo |
| 250 | |a 12a. ed | ||
| 300 | |a 335 p | ||
| 942 | |c BK | ||
| 945 | |d 20140724 10:48:00 |a dcastane | ||
| 260 | |a Barcelona |b Grijalbo |c 1971 | ||
| 650 | 0 | |a Novelas inglesas |9 265220 | |
| 650 | 0 | |a Literatura inglesa |9 312907 | |
| 583 | |a last modification |c 20140724 10:48:00 |k Rodrigo Vera | ||
| 999 | |c 356283 |d 356281 | ||